MARC

LEADER 00000nam0a2200000 4500
001 281734
005 20231031232846.0
020 |a RU  |b 84-70770 
035 |a (RuTPU)RU\TPU\book\305577 
090 |a 281734 
100 |a 20150126d1984 km y0rusy5003 ca 
101 0 |a rus 
102 |a BY 
105 |a a z 001zy 
200 1 |a Новые композиционные материлы на основе промышленных отходов химических волокон  |f Академия наук Белорусской ССР (АН БССР), Институт механики металлополимерных систем им. В. А. Белого (ИММС) 
210 |a Минск  |c Наука и техника  |d 1984 
215 |a 96 с.  |c ил.  |d 20 см 
606 1 |a Волокно химическое  |x Производство  |2 stltpush  |3 (RuTPU)RU\TPU\subj\3621 
610 1 |a отходы 
610 1 |a использование 
610 1 |a переработка 
610 1 |a композиционные материалы 
610 1 |a изоляционные материалы 
610 1 |a фильтрационные материалы 
610 1 |a антифрикционные материалы 
610 1 |a самосмазывающиеся материалы 
610 1 |a технико-экономическая эффективность 
675 |a 677.4  |z rus  |v 4 
712 0 2 |a Академия наук Белорусской ССР (АН БССР)  |b Институт механики металлополимерных систем им. В. А. Белого (ИММС)  |c (Гомель)  |2 stltpush  |3 (RuTPU)RU\TPU\col\12159 
801 0 |a RU  |b RuMRKP  |c 19950704  |g psbo 
801 1 |a RU  |b 63413507  |c 20150126 
801 2 |a RU  |b 63413507  |c 20170712  |g RCR 
942 |c BK